[Event "Sautron op 16th"]
[Site "Sautron"]
[Date "2016.10.22"]
[Round "3.2"]
[White "Stephan, Victor"]
[Black "Koziak, Vitali"]
[Result "1/2-1/2"]
[WhiteElo "2356"]
[BlackElo "2479"]
[Annotator "RR"]
[PlyCount "73"]
[EventDate "2016.10.22"]
[EventType "swiss"]
[EventRounds "9"]
[EventCountry "FRA"]
[SourceTitle "EXT 2019"]
[Source "ChessBase"]
[SourceDate "2018.10.10"]
[SourceVersion "1"]
[SourceVersionDate "2018.10.10"]
[SourceQuality "1"]
[TimeControl "40/5400+30:1800+30"]
[WhiteClock "0:29:38"]
[BlackClock "0:09:25"]

1. d4 {[%emt 0:00:00]} Nf6 {[%emt 0:01:31]} 2. c4 {[%emt 0:00:02]} e6 {[%emt 0:
01:41]} 3. Nc3 {[%emt 0:00:40]} Bb4 {[%emt 0:00:29]} 4. Qc2 {[%emt 0:01:43]} d5
{[%emt 0:10:01]} (4... O-O) (4... c5) 5. cxd5 {[%emt 0:01:34]} Qxd5 {[%emt 0:
03:47]} (5... exd5 {La grande ligne qui peut transposer sur une défense
Ragozin}) 6. Nf3 {[%emt 0:02:44]} Qf5 {[%emt 0:06:38]} 7. Qxf5 {[%emt 0:00:45]}
exf5 {[%emt 0:00:02]} 8. a3 {[%emt 0:00:33]} Be7 {[%emt 0:01:15]} (8... Bd6 {
L'alternative} 9. Nb5 (9. Bg5)) 9. Bf4 {[%emt 0:04:24]} c6 {[%emt 0:00:13]} 10.
h3 {[%emt 0:04:07]} (10. e3) 10... Nbd7 {[%emt 0:01:20]} 11. e3 {[%emt 0:04:48]
} Nb6 {[%emt 0:10:48]} 12. Bd3 {[%emt 0:02:39]} Nfd5 $146 {[%emt 0:01:06]} (
12... Be6 13. Rc1 a5 14. Bc7 Nbd5 15. Nxd5 Nxd5 16. Bh2 Nb6 17. Nd2 Kd7 18. Be5
f6 19. Bg3 h5 20. h4 a4 21. f3 Rhe8 22. Kf2 Ra5 23. Rc2 g6 24. Rhc1 Bf8 25. e4
Bh6 26. Rd1 Bxd2 27. Rdxd2 fxe4 28. fxe4 Bb3 29. Rc5 Rea8 30. Ke3 Nc8 31. Rf2
Rxc5 32. dxc5 Ke6 33. Bc7 Ne7 34. g3 f5 35. Kd4 fxe4 36. Bxe4 Nf5+ 37. Bxf5+
gxf5 38. Re2+ Kd7 39. Bd6 Re8 40. Rxe8 Kxe8 41. Ke5 Kd7 42. Bf8 {Zhigalko,S 
(2679)-Wojtaszek,R (2721) Wroclaw 2011 1/2-1/2}) 13. Be5 {[%emt 0:02:59]} f6 {
[%emt 0:00:42]} 14. Bh2 {[%emt 0:00:37]} Be6 {[%emt 0:04:13]} 15. Nd2 {[%emt 0:
01:50]} Kf7 $11 {[%emt 0:01:52]} 16. Ke2 {[%emt 0:01:28]} Rhd8 {[%emt 0:18:57]}
17. Nxd5 {[%emt 0:04:07]} cxd5 {[%emt 0:11:53][%cal Ga8c8,Gd8c8]} (17... Bxd5
18. b4) 18. Bc7 $1 {[%emt 0:09:43]} Rdc8 {[%emt 0:00:07]} 19. Bxb6 {[%emt 0:00:
38]} axb6 {[%emt 0:00:05]} 20. Rac1 {[%emt 0:00:05]} Rxc1 {[%emt 0:02:47]} 21.
Rxc1 $14 {[%emt 0:01:09] Les Blancs ont une bonne finale} Rc8 {[%emt 0:02:12]}
22. Rxc8 {[%emt 0:00:24]} Bxc8 {[%emt 0:00:02]} 23. Nb1 $1 {[%emt 0:01:14]
[%csl Rd5][%cal Gb1c3,Gd3c2,Gc2b3]} Ke6 {[%emt 0:01:49]} 24. Nc3 {[%emt 0:01:
06]} Bd7 {[%emt 0:02:26]} 25. Bc2 {[%emt 0:03:10]} Kd6 {[%emt 0:00:16] Le K
centralisé est un bon défenseur des faiblesses.} 26. Bb3 {[%emt 0:00:40]} Be6
{[%emt 0:00:06]} 27. f3 {[%emt 0:07:52]} Bd8 {[%emt 0:00:45]} 28. Ba4 {[%emt 0:
02:05]} (28. Kd3) 28... Be7 {[%emt 0:02:02]} 29. Kd2 {[%emt 0:02:45]} Bd8 {
[%emt 0:01:42]} 30. Ne2 {[%emt 0:01:40]} Bc7 {[%emt 0:03:11]} 31. b4 {[%emt 0:
03:00]} (31. Nf4) 31... Ke7 {[%emt 0:03:00]} 32. Bb3 {[%emt 0:00:51]} Bb8 {
[%emt 0:00:18]} 33. Nc3 {[%emt 0:02:52]} Kd6 {[%emt 0:00:07]} 34. Nb5+ {
[%emt 0:00:57]} Kd7 {[%emt 0:00:55]} 35. Nc3 {[%emt 0:01:29]} Kd6 {[%emt 0:00:
05]} 36. Nb5+ {[%emt 0:02:06]} Kd7 {[%emt 0:00:12]} 37. Nc3 {[%emt 0:00:06]}
1/2-1/2

[Event "Geneva FIDE GP"]
[Site "Geneva"]
[Date "2017.07.06"]
[Round "1"]
[White "Riazantsev, Alexander"]
[Black "Harikrishna, Pentala"]
[Result "0-1"]
[WhiteElo "2654"]
[BlackElo "2737"]
[Annotator "Roiz,M"]
[PlyCount "166"]
[EventDate "2017.07.06"]
[EventType "swiss"]
[EventRounds "9"]
[EventCountry "SUI"]
[SourceTitle "CBM 180"]
[Source "ChessBase"]
[SourceDate "2017.09.13"]
[SourceVersion "1"]
[SourceVersionDate "2017.09.13"]
[SourceQuality "1"]

1. d4 Nf6 2. c4 e6 3. Nc3 Bb4 4. Qc2 d5 5. cxd5 Qxd5 6. e3 c5 7. Bd2 Bxc3 8.
bxc3 {This continuation usually leads to a long strategic battle with mutual
chances.} (8. Bxc3 cxd4 9. Bxd4 Nc6 {is very safe for White, but Black is very
close to full equality.}) 8... O-O 9. Nf3 Nc6 (9... b6 {looks somewhat more
flexible. In that case Black can choose between a few possible setups.}) 10. c4
Qd6 11. Bc3 {Maintaining the tension in the centre is the most natural
decision.} (11. dxc5 {was seen in a very old classical encounter between 2
World Champions:} Qxc5 12. Rb1 e5 13. Ng5 h6 14. Ne4 Nxe4 15. Qxe4 Rd8 16. Rb5
Qe7 17. Be2 b6 {Alekhine,A-Euwe,M Netherlands 1937 Black was fine.}) 11... cxd4
12. exd4 b6 ({It made some sense to sac a pawn in order to fix control over
the d5-spot:} 12... b5 $5 13. cxb5 Nb4 14. Qb3 Nbd5 $44) 13. Be2 Bb7 14. O-O
Rac8 15. Rfd1 {Choosing the posiioning of rooks is one of tougher tasks in
chess. This time Alexander is focused on over-protecting his hanging pawns.} ({
The ambitious} 15. Rad1 $5 {might pose Black more problems:} Rfd8 16. Rfe1 Ne7
17. Ne5 Ng6 18. Bd3 Nf4 19. Bf1 $14) 15... Ne7 $1 $146 {A decent novelty - The
knights is heading for g6 or f5, whereas the Bb7 is getting more useful.} ({
The previously played} 15... Qf4 16. g3 Qe4 (16... Qd6 $5) 17. Qb2 Ne7 18. d5
$1 exd5 19. Bxf6 gxf6 20. Rd4 Qe6 21. Re1 $36 {(Kahn,E - Sendur,A Budapest
2001) put Black in a danger.}) 16. Qb3 (16. Ne5 Ne4 17. Bb2 f6 18. Nf3 Rfd8 19.
Rac1 Qd7 $132) 16... Rfd8 (16... Qf4 $5 17. Qa3 Ng6 18. Bb4 Rfd8 19. d5 exd5
20. Qxa7 Rb8 $132) 17. Ne5 (17. a4 Nf5 18. a5 Bxf3 19. Bxf3 Qf4 20. axb6 axb6
21. Qxb6 Nh4 {The activity of Black's pieces is worth a pawn.}) 17... Ng6 ({
More to the point was} 17... Nf5 $1 18. Bb2 Qe7 19. Rac1 Nd7 {White's pieces
are be tied with protecting the Pd4, so Black's position looks solid.}) 18. Bb2
{IN his turn, Alexander unnecessarily wastes a tempo or prophylaxis.} ({
A more energetic try was} 18. a4 Qc7 19. a5 Nxe5 20. dxe5 Ne4 21. Bd4 Nc5 22.
Qc3 $14) 18... Nd7 $2 {Pentala is playing passively and inviting serious
troubles.} ({Instead, Black should have continued:} 18... Qc7 $1 19. Nxg6 hxg6
20. a4 Ne4 $1 21. a5 Qf4 $132) 19. Nxg6 hxg6 20. a4 $1 {Now Black cannot do
much against the advance of the a-pawn.} Nf6 21. a5 {The weakness of the
b6-pawn makes Black's position difficult.} Qc7 22. axb6 axb6 23. Rab1 $2 {
Removing the rook from the a-file is a serious concession.} ({A much better
move was} 23. Bc1 $1 Ne4 24. Bf1 $1 ({But} 24. Be3 {is less promising:} b5 $1
25. cxb5 Nc3 26. Rd2 Nxe2+ 27. Rxe2 Bd5 $14 {and Black gets excellent drawing
chances due to the strong Bd5.}) 24... Rd7 (24... Nd6 25. Bf4 $16) 25. Be3 $16
{neutralising any of his opponent's counterplay and putting strong pressure on
the Pb6.}) 23... Ne4 $1 {GM Harikrishna doesn't miss a golden opportunity for
activating the pieces.} 24. Rbc1 ({Now it was too late for} 24. Bc1 Ba6 25. Qf3
Nd6 $11) 24... Qf4 25. f3 (25. Qe3 Qxe3 26. fxe3 Rc7 27. Bd3 Ra8 $11) 25... Nf6
$2 {An unsuccessful choice - the knight is restricted and doesn't support
Black's counterplay.} ({The precise} 25... Nd6 {would maintain the balance:}
26. d5 exd5 27. cxd5 b5 28. Rxc8 Rxc8 29. Bxb5 Nxb5 30. Qxb5 Qe3+ 31. Kh1 Rc2
32. Qxb7 Qe2 33. Rg1 Rxb2 $11) 26. Rc2 ({Another move which deserved serious
attention was} 26. Ra1 $5 Qc7 27. Bc1 $16 {, and Black is doomed to a passive
defence.}) 26... Qc7 27. Bc1 b5 {This attempt to change the unfovaurable
course of game was fully justified in the game, but it was a bluff!} ({It made
sense to simplify matters by means of} 27... e5 $1 28. Be3 exd4 29. Bxd4 Rd6
$14 {and Black's defensive task is getting easier.}) 28. c5 $2 {Now Black is
out of danger.} ({Instead, White could have won a pawn:} 28. Rb2 $1 Rb8 29.
cxb5 Nd5 30. Rc2 $16) 28... Bd5 29. Qb4 Bc6 {The position is about equal, but
Black's play is easier due to full control over d5.} 30. Bg5 Nd5 31. Qb2 ({
In the event of} 31. Bxd8 Nxb4 32. Bxc7 Nxc2 33. Bd6 Ra8 34. Rd2 Ne3 35. Kf2
Nd5 36. Rb2 Nc3 37. Ke3 {White should be able to hold this endgame, but it's
slightly better for Black.}) 31... Re8 32. Ra1 Ra8 {Of course, both sides do
not want to lose control over the only open file.} 33. Rcc1 Qb7 ({Perhaps,} 
33... Nf4 $5 34. Bf1 Ra4 35. Qd2 Nd5 $15 {would offer Black more winning
chances.}) 34. Bd2 Rxa1 35. Rxa1 Ra8 36. Ra5 $6 {An inaccuracy.} ({A better
try was} 36. Kf2 Rxa1 37. Qxa1 b4 38. Bc4 b3 39. Qb2 Ba4 40. g3 {Black would
be unable to make any progress.}) 36... Rxa5 37. Bxa5 b4 {Now the Ba5 is
definitely misplaced.} 38. Bc4 Ne3 39. Be2 b3 $15 {Obviously, the Pb3 is
putting White under strong pressure.} 40. Bd2 Nf5 41. Bc3 Bd5 42. Qc1 Ne7 43.
Bb2 {The passer is blocked, and Black has to find a cosntructive plan. The
next few moves are not of much value.} Nc6 44. Qc3 Kf8 45. Kf2 Ke7 46. Qd2 Qb8
47. h3 Kf8 48. Bd3 {Of course, White is sitting and waiting.} Kg8 49. Qe1 Qf4
50. Qe3 Qh4+ 51. Kg1 Qd8 52. Kf2 Qa5 53. Qe1 Nb4 54. Bb1 Qb5 55. Qc3 Qa4 56.
Kg1 ({More accurate might be} 56. h4 $5 {, keeping the king closer to the
centre.}) 56... Kf8 57. Kf2 Nc6 58. Kg1 Ke8 59. Kf2 Kd7 60. Qd2 Kc8 61. Qc3 Na5
62. Bd3 Bc4 63. Bb1 Nc6 64. d5 $2 {Alas, Alexander doesn't withstand the
pressure. This move is connected with a blunder.} ({At the same time, the
patient} 64. Qd2 {would mostly likely enable White to achieve a draw.}) 64...
Bxd5 65. Qxg7 $2 {Mistakes rarely come alone! Of course, this move is
logically connected with the previous one.} ({The stubborn} 65. Bd3 e5 66. Qd2
{would still leave White with some drawing chances.}) 65... Qh4+ $1 {I guess,
this check was overlooked by Alexander. The lack of harmony in White's camp
starts to tell.} 66. g3 (66. Ke2 Qg3 $19 {is even worse.}) 66... Qxh3 67. Qf8+
Nd8 68. Qh8 {A sad necessity. The resulting endgame is completely lost.} Qxh8
69. Bxh8 Nb7 $19 {The second pawn falls.} 70. Ke3 Kd7 71. f4 Nxc5 72. g4 f5 $1
{Restricting the b1-bishop and securing the e4-spot for Black's minor pieces.}
73. gxf5 exf5 74. Bd3 Kc6 75. Be2 Na4 76. Bd1 Kc5 77. Bd4+ Kb4 78. Bg7 Be4 79.
Bf8+ Kc4 80. Be2+ Kd5 ({Another move which was good enough was} 80... Kc3 $19)
81. Bd1 b2 82. Bb3+ Kc6 83. Bxa4+ Kb7 0-1

[Event "Gibraltar Masters 16th"]
[Site "Caleta"]
[Date "2018.01.24"]
[Round "8"]
[White "Nihal, Sarin"]
[Black "Georgiev, Kiril"]
[Result "1-0"]
[WhiteElo "2524"]
[BlackElo "2623"]
[Annotator "Sagar Shah"]
[PlyCount "99"]
[EventDate "2018.01.23"]
[EventType "swiss"]
[EventRounds "10"]
[EventCountry "GGB"]
[SourceTitle "CBM 183"]
[Source "ChessBase"]
[SourceDate "2018.03.14"]
[SourceVersion "1"]
[SourceVersionDate "2018.03.14"]
[SourceQuality "1"]

1. d4 Nf6 2. c4 e6 3. Nc3 Bb4 4. Qc2 d5 (4... O-O 5. a3 Bxc3+ 6. Qxc3 b6 7. Bg5
Bb7 {is more popular.}) 5. cxd5 Qxd5 (5... exd5 {is another option} 6. Bg5 c5 {
leads to sharp positions; Kasparov played a good game in this line.} (6... h6
7. Bxf6 Qxf6 8. a3 Bxc3+ 9. Qxc3 O-O 10. e3 c6 11. Nf3 $11) 7. dxc5 h6 8. Bh4
g5 9. Bg3 Ne4 10. e3 Qa5 11. Nge2 Bf5 12. Be5 O-O 13. Nd4 Bg6 14. Nb3 Nxc3 15.
Bxc3 Bxc2 16. Nxa5 Bxc3+ 17. bxc3 b6 18. Kd2 bxa5 19. Kxc2 Rc8 20. h4 Nd7 21.
hxg5 Nxc5 22. gxh6 Ne4 23. c4 Nxf2 24. Rh4 f5 25. Rd4 dxc4 26. Bxc4+ Kh7 27.
Rf1 Ng4 28. Kd2 Rab8 29. Rxf5 {1-0 (52) Kasparov,G (2805)-Short,N (2655)
London 1993}) 6. e3 {Nihal choses the solid move.} (6. Nf3 {Is more common.}
Qf5 {And now there is a famous game Anand-Kramnik, Wch 2008.} 7. Qb3 (7. Qxf5
exf5 8. a3 Bd6 {Black's pawn structure is bad but he has good control over the
e4-square so the position is balanced.}) 7... Nc6 8. Bd2 O-O 9. h3 b6 10. g4
Qa5 11. Rc1 Bb7 12. a3 Bxc3 13. Bxc3 Qd5 14. Qxd5 Nxd5 15. Bd2 Nf6 16. Rg1 Rac8
17. Bg2 Ne7 18. Bb4 c5 19. dxc5 Rfd8 20. Ne5 Bxg2 21. Rxg2 bxc5 22. Rxc5 Ne4
23. Rxc8 Rxc8 24. Nd3 Nd5 25. Bd2 Rc2 26. Bc1 f5 27. Kd1 Rc8 28. f3 Nd6 29. Ke1
a5 30. e3 e5 31. gxf5 e4 32. fxe4 Nxe4 33. Bd2 a4 34. Nf2 Nd6 35. Rg4 Nc4 36.
e4 Nf6 37. Rg3 Nxb2 38. e5 Nd5 39. f6 Kf7 40. Ne4 Nc4 41. fxg7 Kg8 42. Rd3 Ndb6
43. Bh6 Nxe5 44. Nf6+ Kf7 45. Rc3 Rxc3 46. g8=Q+ Kxf6 47. Bg7+ {1-0 (47) Anand,
V (2783)-Kramnik,V (2772) Bonn 2008}) 6... c5 7. Bd2 Bxc3 8. Bxc3 cxd4 9. Bxd4
Nc6 10. Bc3 {White has made a lot of moves with his bishop, but he has the
bishop pair.} O-O 11. Nf3 Qc5 (11... Rd8 12. Be2 Qe4 13. Rc1 Qxc2 14. Rxc2 Nd5
15. Ne5 Nxe5 (15... Nxc3 16. Nxc6 bxc6 17. Rxc3 $14) 16. Bxe5 b6 17. a3 f6 18.
Bg3 Bb7 19. O-O Rac8 20. Rfc1 e5 21. Rxc8 Rxc8 22. Rxc8+ Bxc8 23. Kf1 {1-0 (52)
Grachev,B (2645)-Karjakin,S (2765) Antalya 2017}) 12. a3 Qe7 13. Bb5 $1 {
Trying to create a weakness on c6 is the positional point. But the tactical
point is to take on c6 and play Bb4. When both positional and tactical points
combine, you know that it's a good move!} Nd5 (13... Bd7 14. Bxc6 $1 Bxc6 15.
Bb4 $18) 14. Bxc6 bxc6 (14... Nxc3 $5 15. Qxc3 bxc6 16. O-O c5 {[%csl Rc5]} 17.
Rfc1 Rb8 18. Qxc5 Qxc5 19. Rxc5 Rxb2 20. Rc7 Bb7 21. Ne5 $14) 15. Bd4 {It is
important to take the c5-square under control.} Rd8 16. O-O $1 $16 {Simple and
strong.} ({Grabbing the pawn on c6 is not such a great idea:} 16. Qxc6 $6 Bd7 {
One possible variation can be} (16... Bb7 17. Qc5 Qe8) 17. Qc5 Qe8 18. O-O Bb5
19. Rfc1 Rac8 20. Qxa7 Ra8 21. Qc5 Rac8 $11) 16... Bb7 17. Rfd1 f6 18. Bc5 $16
{This is just a better position for White. Nihal strengthens his position nice
and slow!} Qc7 19. Rd2 e5 20. Rad1 Ba6 21. h3 {Useful move, creating an escape
square for king.} Kh8 22. Qf5 (22. Nh4 $5 g6 (22... Bc8 23. e4 $18) 23. Nf3 Rd7
24. e4 Nb6 25. Rxd7 Nxd7 26. Be7 $16) 22... Bc8 23. Qd3 Re8 24. e4 Nb6 $6 (
24... Nf4 {was necessary although White will still keep some advantage with}
25. Qc3 $16) {[%tqu "En","Find the best move for White.","","","d3d8","Nihal
is always alert for tactical tricks.",10]} 25. Qd8 $1 {Nihal is always on the
alert for tactical tricks.} Qxd8 (25... Qf7 26. Bxb6 (26. Qxe8+ Qxe8 27. Rd8
Bd7 $14) 26... axb6 27. Qxb6 $16) 26. Rxd8 Be6 27. Rxa8 Rxa8 28. Bxb6 {
Simplifying it into a winning endgame.} axb6 29. Rd6 {White wins a pawn.} Bc4
30. Rxc6 Bd3 31. Nd2 b5 32. f3 $1 {[%csl Gg1] Getting the king into the game.}
h5 33. Kf2 b4 {Trying to create some counterplay.} 34. axb4 Ra2 35. Ke3 {
White is now two pawns up and in complete control.} Bb5 36. Rb6 Bd7 37. Rd6 (
37. Rb8+ Kh7 38. b3 $18) 37... Bb5 38. Rb6 $1 {Nihal repeats the position
twice not only to gain time, but also show who is in control of the position.
For a player like Kiril Georgiev this is quite a depressing position.} Bd7 39.
b3 Rc2 40. b5 {The rest is easy.} Rc3+ 41. Ke2 Kh7 42. Rb8 Kg6 43. b6 Bb5+ 44.
Kd1 Rc6 45. b7 Rc7 46. Nc4 Ba6 47. Na5 Kg5 {The b-pawn moves ahead to destroy
Black's defensive setup.} 48. b4 {[%cal Gb4b5]} Kf4 49. b5 $1 Bxb5 50. Rc8 {
You might be forgiven for believing that it was Georgiev who had the white
pieces instead of Nihal! The way the 13-year-old played to beat his veteran
opponent showed some amazing patience and talent.} 1-0